000 00457nam a2200181Ia 4500
005 20240919035430.0
008 240331s9999 xx 000 0 und d
020 _a8170460220
082 _bSUB
_a709.54
100 _aSubramanyan, K.G
245 4 _aThe living tradition :
_bperspectives on modern Indian art
260 _aCalcutta
_bSeagull Books
_c1987
300 _a96 p .,
650 _aHistory
650 _aRealism
650 _aSociety
942 _cL
999 _c3207
_d3207